The Law of Civil Procedure (Vol-1)/ (Record no. 6988)
[ view plain ]
| 000 -LEADER | |
|---|---|
| fixed length control field | 00659nam a22002417a 4500 |
| 003 - CONTROL NUMBER IDENTIFIER | |
| control field | BUBTL |
| 008 - FIXED-LENGTH DATA ELEMENTS--GENERAL INFORMATION | |
| fixed length control field | 230319b ||||| |||| 00| 0 eng d |
| 020 ## - INTERNATIONAL STANDARD BOOK NUMBER | |
| International Standard Book Number | 9848272224 |
| 041 ## - LANGUAGE CODE | |
| Language code of text/sound track or separate title | English |
| 050 ## - LIBRARY OF CONGRESS CALL NUMBER | |
| Classification number | |
| 082 ## - DEWEY DECIMAL CLASSIFICATION NUMBER | |
| Classification number | 347.73/ Is41l/ 2006 |
| 100 ## - MAIN ENTRY--PERSONAL NAME | |
| 9 (RLIN) | 2421 |
| Personal name | Islam, Mahmudul |
| 245 ## - TITLE STATEMENT | |
| Title | The Law of Civil Procedure (Vol-1)/ |
| Remainder of title | Mahmudul Islam, Probir Neogi |
| 250 ## - EDITION STATEMENT | |
| Edition statement | 1st edn. |
| 260 ## - PUBLICATION, DISTRIBUTION, ETC. (IMPRINT) | |
| Place of publication, distribution, etc. | Dhaka |
| Name of publisher, distributor, etc. | Mullick Brothers |
| Date of publication, distribution, etc. | c2006 |
| 300 ## - PHYSICAL DESCRIPTION | |
| Extent | [xl], 972p. : |
| Other physical details | 22 cm. |
| 526 ## - STUDY PROGRAM INFORMATION NOTE | |
| Program name | Law |
| 650 #0 - SUBJECT ADDED ENTRY--TOPICAL TERM | |
| 9 (RLIN) | 26 |
| Topical term or geographic name as entry element | Law |
| 700 ## - ADDED ENTRY--PERSONAL NAME | |
| 9 (RLIN) | 2421 |
| Personal name | Islam, Mahmudul |
| 856 ## - ELECTRONIC LOCATION AND ACCESS | |
| Password | 0 |
| Logon | 0 |
| Link text | Download |
| 942 ## - ADDED ENTRY ELEMENTS (KOHA) | |
| Source of classification or shelving scheme | |
| Koha item type | Books |
| Withdrawn status | Lost status | Source of classification or shelving scheme | Damaged status | Not for loan | Collection code | Permanent location | Current location | Shelving location | Date acquired | Source of acquisition | Inventory number | Total Checkouts | Full call number | Barcode | Date last seen | Copy number | Price effective from | Koha item type |
|---|---|---|---|---|---|---|---|---|---|---|---|---|---|---|---|---|---|---|
| Not For Loan | Non-fiction | Bangladesh University of Business and Technology Library | Bangladesh University of Business and Technology Library | Law Stacks | 07/20/2013 | Purchase | 16303 | 347.73/ Is41l/ 2006 | BUBTL-200316303 | 03/19/2023 | C-1 | 03/19/2023 | Books | |||||
| Non-fiction | Bangladesh University of Business and Technology Library | Bangladesh University of Business and Technology Library | Law Stacks | 07/20/2013 | Purchase | 16304 | 347.73/ Is41l/ 2006 | BUBTL-200316304 | 03/19/2023 | C-2 | 03/19/2023 | Books | ||||||
| Non-fiction | Bangladesh University of Business and Technology Library | Bangladesh University of Business and Technology Library | Law Stacks | 07/20/2013 | Purchase | 16305 | 347.73/ Is41l/ 2006 | BUBTL-200316305 | 03/19/2023 | C-3 | 03/19/2023 | Books | ||||||
| Non-fiction | Bangladesh University of Business and Technology Library | Bangladesh University of Business and Technology Library | Law Stacks | 07/20/2013 | Purchase | 16306 | 347.73/ Is41l/ 2006 | BUBTL-200316306 | 03/19/2023 | C-4 | 03/19/2023 | Books | ||||||
| Non-fiction | Bangladesh University of Business and Technology Library | Bangladesh University of Business and Technology Library | Law Stacks | 09/04/2014 | Purchase | 18055 | 347.73/ Is41l/ 2006 | BUBTL-200318055 | 03/20/2023 | C-5 | 03/20/2023 | Books | ||||||
| Non-fiction | Bangladesh University of Business and Technology Library | Bangladesh University of Business and Technology Library | Law Stacks | 09/04/2014 | Purchase | 18056 | 347.73/ Is41l/ 2006 | BUBTL-200318056 | 03/20/2023 | C-6 | 03/20/2023 | Books | ||||||
| Non-fiction | Bangladesh University of Business and Technology Library | Bangladesh University of Business and Technology Library | Law Stacks | 09/04/2014 | Purchase | 18057 | 347.73/ Is41l/ 2006 | BUBTL-200318057 | 03/20/2023 | C-7 | 03/20/2023 | Books | ||||||
| Non-fiction | Bangladesh University of Business and Technology Library | Bangladesh University of Business and Technology Library | Law Stacks | 09/04/2014 | Purchase | 18058 | 347.73/ Is41l/ 2006 | BUBTL-200318058 | 03/20/2023 | C-8 | 03/20/2023 | Books | ||||||
| Non-fiction | Bangladesh University of Business and Technology Library | Bangladesh University of Business and Technology Library | Law Stacks | 09/04/2014 | Purchase | 18059 | 347.73/ Is41l/ 2006 | BUBTL-200318059 | 03/20/2023 | C-9 | 03/20/2023 | Books | ||||||
| Non-fiction | Bangladesh University of Business and Technology Library | Bangladesh University of Business and Technology Library | Law Stacks | 09/04/2014 | Purchase | 18061 | 347.73/ Is41l/ 2006 | BUBTL-200318061 | 03/20/2023 | C-10 | 03/20/2023 | Books | ||||||
| Non-fiction | Bangladesh University of Business and Technology Library | Bangladesh University of Business and Technology Library | Law Stacks | 09/04/2014 | Purchase | 18065 | 347.73/ Is41l/ 2006 | BUBTL-200318065 | 03/20/2023 | C-11 | 03/20/2023 | Books | ||||||
| Non-fiction | Bangladesh University of Business and Technology Library | Bangladesh University of Business and Technology Library | Law Stacks | 09/04/2014 | Purchase | 18066 | 347.73/ Is41l/ 2006 | BUBTL-200318066 | 03/20/2023 | C-12 | 03/20/2023 | Books | ||||||
| Non-fiction | Bangladesh University of Business and Technology Library | Bangladesh University of Business and Technology Library | Law Stacks | 09/04/2014 | Purchase | 18067 | 347.73/ Is41l/ 2006 | BUBTL-200318067 | 03/20/2023 | C-13 | 03/20/2023 | Books | ||||||
| Non-fiction | Bangladesh University of Business and Technology Library | Bangladesh University of Business and Technology Library | Law Stacks | 09/04/2014 | Purchase | 18070 | 347.73/ Is41l/ 2006 | BUBTL-200318070 | 03/20/2023 | C-14 | 03/20/2023 | Books | ||||||
| Non-fiction | Bangladesh University of Business and Technology Library | Bangladesh University of Business and Technology Library | Law Stacks | 09/04/2014 | Purchase | 18069 | 347.73/ Is41l/ 2006 | BUBTL-200318069 | 03/22/2023 | C-15 | 03/22/2023 | Books | ||||||
| Non-fiction | Bangladesh University of Business and Technology Library | Bangladesh University of Business and Technology Library | Law Stacks | 09/04/2014 | Purchase | 18064 | 347.73/ Is41l/ 2006 | BUBTL-200318064 | 03/22/2023 | C-16 | 03/22/2023 | Books | ||||||
| Not For Loan | Non-fiction | Bangladesh University of Business and Technology Library | Bangladesh University of Business and Technology Library | Law Stacks | 09/04/2014 | Purchase | 18060 | 347.73/ Is41l/ 2006 | BUBTL-200318060 | 07/14/2023 | C-17 | 07/14/2023 | Books | |||||
| Non-fiction | Bangladesh University of Business and Technology Library | Bangladesh University of Business and Technology Library | Law Stacks | 07/20/2013 | Purchase | 16302 | 347.73/ Is41l/ 2006 | BUBTL-200316302 | 03/31/2024 | C-18 | 03/31/2024 | Books |
